Most Populated City in Each County in New Jersey - Statistics

General Stats
  • This quiz has been taken 54 times
  • The average score is 8 of 21
Answer Stats
County City Pop. City % Correct
Essex 307,220 Newark
98%
Hudson 283,927 Jersey City
91%
Union 135,407 Elizabeth
89%
Passaic 157,794 Paterson
74%
Cumberland 61,156 Vineland
63%
Middlesex 100,693 Edison
61%
Camden 76,723 Cherry Hill
57%
Ocean 104,157 Lakewood Township
48%
Bergen 45,646 Hackensack
39%
Mercer 91,543 Hamilton Township
39%
Monmouth 65,490 Middletown Township
30%
Somerset 68,364 Franklin Township
24%
Warren 15,291 Phillipsburg
24%
Atlantic 42,578 Egg Harbor Township
22%
Cape May 21,490 Lower Township
9%
Gloucester 48,559 Washington Township
7%
Burlington 45,060 Evesham Township
4%
Hunterdon 22,219 Raritan Township
4%
Morris 52,265 Parsippany-Troy Hills Township
2%
Salem 12,456 Pennsville Township
2%
Sussex 23,943 Vernon Township
2%
No matching quizzes found
Score Distribution
Percent of People with Each Score
Percentile by Number Answered
Your Score History
You have not taken this quiz